00579nam a22001817a 450000500170000001000140001702000260003102000230005703500130008003700130009308200110010610000200011724501420013726000430027927000510032230000210037370000030039420100812114028.0 aENG-99869 a9788170640790c250.00 a8170640792c250.00 aEN-83401 bDBAD/PUB a364.25 aShobha Vijender aDrug abuse and crime: cby Shobha Vijenderba study of drug abuse between criminals and non-criminals in the metropolitan city of Delhi / aNew DelhibArya Publishing Housec2008 bNew Delha1569/30 Naiwala, Karol Bagh,e110005 a204p.c22cm (Hb)